000 00321nam a22001457a 4500
008 210312b ||||| |||| 00| 0 eng d
020 _a9781305005631
041 _aeng
080 _a101
082 _a101
100 _a24
101 _aFIL
245 _aPhiloxophy,AText with Readings
_cVelasquez,M
942 _2udc
_cBK
999 _c56566
_d56566